• 首页
  • 本馆介绍
  • 公告通知
  • 最新文献
  • 馆藏检索
  • 电子资源
  • 读者导购
  • 参考咨询
  • 我的图书馆
  • 登录
  • 详细信息显示
  • 放入我的书架
  • 预约/预借图书
  • 作者相关作品
  • 分类相关作品
  • 丛书相关作品
  • 出版社相关作品

书目信息

  • 表格格式
  • 工作单格式
  • 卡片格式
题名:
生态马克思主义经济学导论
    
 
作者: 李欣广 著
分册:  
出版信息: 北京   中国环境出版社  2015.10
页数: 181页
开本: 23cm
丛书名: 绿色经济与绿色发展丛书
单 册:
中图分类: F062.2
科图分类:
主题词: 马克思主义--生态经济学--研究
电子资源:
ISBN: 978-7-5111-2552-1
000 01250oam2 2200265 450
001 1240
005 20180927161342.45
010    @a978-7-5111-2552-1@dCNY40.00
100    @a20160226d2015 em y0chiy50 ea
101 0  @achi@eeng
102    @aCN@b110000
105    @ay z 000yy
200 1  @a生态马克思主义经济学导论@9sheng tai ma ke si zhu yi jing ji xue dao lun@b专著@dThe introduction of eco-Marxism economics@zeng@f李欣广著
210    @a北京@c中国环境出版社@d2015.10
215    @a181页@d23cm
225 1  @a绿色经济与绿色发展丛书@f刘思华主编@h第一批
300    @a国家出版基金项目 “十二五”国家重点图书出版规划项目 广西大学马克思主义生态经济发展研究院、商学院特别委托项目
330    @a本书是由作者在生态经济学这个领域学习、研究、教学过程中的知识积累而整理成的,主要内容包括生态马克思主义经济学的学科定位、生态马克思主义经济学的理论主体、生态马克思主义经济学的变革对象、生态马克思主义经济学的三维理论、生态马克思主义经济学的实践主题、生态马克思主义经济学的时代使命。
461  0 @12001 @a绿色经济与绿色发展丛书
510 1  @aIntroduction of eco-Marxism economics@zeng
606 0  @a马克思主义@x生态经济学@x研究
690    @aF062.2@v5
701  0 @a李欣广@9li xin guang@4著
801  0 @aCN@b91MARC@c20160302
905    @aMuseLib@dF062.2@e167
    
    生态马克思主义经济学导论=The introduction of eco-Marxism economics/李欣广著.-北京:中国环境出版社,2015.10
    181页;23cm.-(绿色经济与绿色发展丛书/刘思华主编.第一批)
    国家出版基金项目 “十二五”国家重点图书出版规划项目 广西大学马克思主义生态经济发展研究院、商学院特别委托项目
    
    ISBN 978-7-5111-2552-1:CNY40.00
    本书是由作者在生态经济学这个领域学习、研究、教学过程中的知识积累而整理成的,主要内容包括生态马克思主义经济学的学科定位、生态马克思主义经济学的理论主体、生态马克思主义经济学的变革对象、生态马克思主义经济学的三维理论、生态马克思主义经济学的实践主题、生态马克思主义经济学的时代使命。
●
相关链接 在E读中查询图书 在五车中查询图书 在当当中查询图书 在豆瓣中查询图书


正题名:生态马克思主义经济学导论     索取号:F062.2/167         预约/预借

序号 登录号 条形码 馆藏地/架位号 状态 备注
1 1121849   211218494   第一样本阅览室/ [索取号:F062.2/167] 在馆    
2 1121850   211218500   第一借阅区/ [索取号:F062.2/167] 在馆    
3 1121851   211218519   第一借阅区/ [索取号:F062.2/167] 在馆    
4 1121852   211218528   第一借阅区/ [索取号:F062.2/167] 在馆    
5 1121853   211218537   密集书库-生命科学系/ [索取号:F062.2/167] 在馆    
唐山师范学院图书馆 欢迎您!
大连网信软件有限公司© 版权所有